Faculty of Law Library — Cairo University

Official Online Catalog

القانون الإداري : (Record no. 42976)

MARC details
000 -LEADER
fixed length control field 01639nam a2200313 i 4500
003 - CONTROL NUMBER IDENTIFIER
control field EG-GICUC
005 - DATE AND TIME OF LATEST TRANSACTION
control field 20260121101216.0
008 - FIXED-LENGTH DATA ELEMENTS--GENERAL INFORMATION
fixed length control field 251112s1991 ua ||||fr|||| 00| 0 ara d
017 ## - COPYRIGHT OR LEGAL DEPOSIT NUMBER
Copyright or legal deposit number ٩٥٤٧/ ١٩٩٠
040 ## - CATALOGING SOURCE
Original cataloging agency EG-GICUC
Language of cataloging ara
Transcribing agency EG-GICUC
Modifying agency EG-GICUC
Description conventions rda
041 0# - LANGUAGE CODE
Language code of text/sound track or separate title ara
082 04 - DEWEY DECIMAL CLASSIFICATION NUMBER
Edition number 21
Classification number 345
Item number ع ب . ق
092 04 - LOCALLY ASSIGNED DEWEY CALL NUMBER (OCLC)
Edition number 21
099 ## - LOCAL FREE-TEXT CALL NUMBER (OCLC)
Classification number Law1 07 345 ع ب . ق 1991
100 0# - MAIN ENTRY--PERSONAL NAME
Personal name عبد الغني بسيوني عبد الله
Relator term مؤلف.
245 12 - TITLE STATEMENT
Title القانون الإداري :
Remainder of title دراسة مقارنة لأسس ومبادئ القانون الإداري وتطبيقها في مصر /
Statement of responsibility, etc. دكتور عبد الغني بسيوني عبد الله.
264 #1 - PRODUCTION, PUBLICATION, DISTRIBUTION, MANUFACTURE, AND COPYRIGHT NOTICE
Place of production, publication, distribution, manufacture الإسكندرية :
Name of producer, publisher, distributor, manufacturer منشأة المعارف،
Date of production, publication, distribution, manufacture, or copyright notice 1992.
300 ## - PHYSICAL DESCRIPTION
Extent 686 ؛صفحة
Dimensions 24 سم.
336 ## - CONTENT TYPE
Source rda content
Content type term text
337 ## - MEDIA TYPE
Source rda media
Media type term Computer
338 ## - CARRIER TYPE
Source rda carrier
Carrier type term Online Resource
504 ## - BIBLIOGRAPHY, ETC. NOTE
Bibliography, etc. note يشتمل على إرجاعات ببليوغرافة.
505 ## - FORMATTED CONTENTS NOTE
Formatted contents note التعريف بالقانون الادارى ـ المركزية الادارية - اللامركزية الادارية ـ التركيز وعدم التركيز الاداری - عمال السلطة الادارية ـ الضبط الاداري - المرافق العامة - القرارات الادارية - العقود الادارية - أموال السلطة الادارية - امتيازات السلطة الادارية.
546 ## - LANGUAGE NOTE
Language note النص باللغة العربية
650 14 - SUBJECT ADDED ENTRY--TOPICAL TERM
Topical term or geographic name entry element القانون الإداري
856 40 - ELECTRONIC LOCATION AND ACCESS
Uniform Resource Identifier <a href="https://fll.law.cu.edu.eg/fulltext/bks/B07-00606.pdf">https://fll.law.cu.edu.eg/fulltext/bks/B07-00606.pdf</a>
905 ## - Cataloger and Reviser Names
Cataloger Name: Sara El-Gendy
942 ## - ADDED ENTRY ELEMENTS (KOHA)
Source of classification or shelving scheme Dewey Decimal Classification
Koha item type Books
Edition 21
Suppress in OPAC No
Holdings
Withdrawn status Lost status Source of classification or shelving scheme Damaged status Not for loan Collection Home library Current library Date acquired Total checkouts Full call number Barcode Date last seen Copy number Price effective from Koha item type
    Dewey Decimal Classification   Not for loan القانون الإداري جــــامعة القــاهرة مكتبة كلية الحقوق - المبنى الرئيسي 12.11.2025   Law1 07 345 ع ب . ق 1991 0700606 C1 B07-00606 12.11.2025 1 12.11.2025 Books
    Dewey Decimal Classification يحتاج إلى ترميم   القانون الإداري جــــامعة القــاهرة مكتبة كلية الحقوق - المبنى الرئيسي 19.11.2025   Law1 07 345 ع ب . ق 1991 0700580 C2 B07-00580 19.11.2025 2 19.11.2025 Books
    Dewey Decimal Classification     القانون الإداري جــــامعة القــاهرة مكتبة كلية الحقوق - فـرع الشيخ زايد 19.11.2025   Law2 07 345 ع ب . ق 1991 0700581 C3 B07-00581 19.11.2025 3 19.11.2025 Books

© All rights reserved — Faculty of Law, Cairo University